000 00484nam a22001217a 4500
082 _a297.61
_bکیم الامت حضرت مولانا اشرف علی تھانوی صاحب
_cMasjid
100 _aکیم الامت حضرت مولانا اشرف علی تھانوی صاحب
_951143
245 _aاحکام اسلام عقل کی نظر میں
260 _aLahore
_bIslami Kotab Khana Fazal Elahi Market
300 _a318
526 _a0
_b0
_c0
_d297_610000000000000
942 _2ddc
_cBK
999 _c553903
_d553903